000 00423nam a2200169Ia 4500
008 230711s9999||||xx |||||||||||||| ||und||
020 _a978-81-89757-39-9
041 _aENG
082 _a5.1
_bUP-D
100 _aUpadhyay,Nitin
245 4 _aThe design and analysis of algorithms
250 _a4th Ed.
260 _c2012
_aNew Delhi
_bS.K Kataria & Sons
300 _a502
650 _aComputer Engineering
942 _cBK
999 _c5504
_d5504